000 00884nam a2200241 a 4500
001 BRCA_9162
005 20190320210537.0
008 031018s2005----mx-a######---#000-0#spa-#
041 _aspa
044 _amx
050 4 _aF1391.P8
_b.M37 2005
100 1 _aMartínez y Torres, Lilia
_922598
245 1 0 _aPuebla de los Ángeles
_b1858-1993
_cinvestigación Lilia Martínez y Torres ; edición de imágenes Adrián Mendieta, Lilia Martínez y Torres.
260 _aMéxico
_bUniversidad de las Américas Puebla : Fototeca Lorenzo Becerril
_c2005
300 _a191 p.
_bil. (algunas a color)
_c33 cm.
500 _aIncluye catálogo de obra
546 _aTexto en : español e inglés
651 4 _aPuebla (México)
_xVida social y costumbres
_9408
651 4 _aPuebla (México)
_xHistoria
_9409
653 0 _aVida cotidiana
700 1 _aMendieta, Adrián
_912972
942 _2lcc
_cB
999 _c8809
_d8809